|
|
|
|
| LEADER |
00000cam a2200000 a 4500 |
| 001 |
vtls011534004 |
| 003 |
SK-MaSNL |
| 005 |
20260302052855.0 |
| 008 |
240318s2015 xo o g 000 0dslo |
| 015 |
|
|
|a SNBA2016/04
|
| 020 |
|
|
|a 9788081541322
|q (viaz.)
|
| 035 |
|
|
|a urn:nbn:sk:snk-am00a2d6
|
| 035 |
|
|
|a urn:nbn:sk:snk-am3hdt4
|
| 035 |
|
|
|a DC302067-818F-42AB-AA63-A0B4DBF8A486
|
| 040 |
|
|
|a SNK
|b slo
|c SNK
|e AACR2
|
| 041 |
0 |
|
|a slo
|
| 044 |
|
|
|a xo
|c SK
|
| 072 |
|
7 |
|a 641
|x Kuchárstvo. Potraviny. Varené jedlá
|2 konspekt
|
| 080 |
|
|
|a 641.85
|2 2011
|
| 080 |
|
|
|a (083.12)
|2 2011
|
| 080 |
|
|
|a (048.8)
|2 2011
|
| 100 |
1 |
|
|a Horecká, Zdenka
|4 aut
|9 44315
|
| 245 |
1 |
0 |
|a Praktická kuchárka
|b sladké recepty Zdenky Horeckej
|c text Zdenka Horecká, Vladimír Horecký
|
| 260 |
|
|
|a Žilina
|b Georg
|c [2015]
|
| 300 |
|
|
|a 191 s.
|b fareb. fotogr.
|c 24 cm
|
| 500 |
|
|
|a Biogr. údaje
|
| 650 |
0 |
7 |
|a koláče
|2 SNKPH
|9 51333
|
| 650 |
0 |
7 |
|a múčniky
|2 SNKPH
|9 669
|
| 650 |
0 |
7 |
|a Pies
|2 SNKPHeng
|9 329231
|
| 650 |
0 |
7 |
|a Pastrys
|2 SNKPHeng
|9 340667
|
| 655 |
|
7 |
|a kuchárske recepty
|2 SNKPH
|9 70493
|
| 655 |
|
7 |
|a Cookbooks
|2 SNKPHeng
|9 270340
|
| 655 |
|
7 |
|a Monographs
|2 SNKPHeng
|9 120675
|
| 655 |
|
7 |
|a monografie
|2 SNKPH
|9 70139
|
| 700 |
1 |
|
|a Horecký, Vladimír
|4 pht
|9 44316
|
| 852 |
|
|
|a Štátna vedecká knižnica v Banskej Bystrici
|
| 919 |
|
|
|a 978-80-8154-132-2
|
| 999 |
|
|
|c 1107021
|d 1108951
|
| 952 |
|
|
|a SNK
|b SNK
|y PREZ
|7 0
|p 17A1185042
|o snkSC 169200
|i snk2016/9546
|8 0
|0 0
|1 0
|4 0
|d 2016-04-14
|f 1
|l 0
|r 2026-02-24 17:49:19
|w 2026-02-24
|
| 952 |
|
|
|a SNK
|b SNK
|y VYP
|7 0
|p 17A1185043
|o snkSC 169200 D1
|i snk2016/9548
|8 0
|0 0
|1 0
|4 0
|d 2016-04-14
|l 0
|r 2026-02-24 17:49:19
|w 2026-02-24
|